000 00333nam a2200109 4500
999 _c10549
_d10549
008 180905b ||||| |||| 00| 0 eng d
245 _aSilliman U library now on fifth year system's digitization.
260 _aPhilippines
_bManila Bulletin
_cc2016
300 _apage 13.
650 0 _930928
_aInformation technology.
942 _2ddc
_cPER